000 00735na a2200277 4500
001 16496
003 MIRAKIL
005 20181213154908.0
008 161012b tu 000 0
020 _a9756358149
035 _a16496
040 _aMilas
_btur
_cTR-AnCHP
041 _atur
082 _a956.622
_bK29i 2004
090 _a956.622 K29i 2004
100 _aKaya, Ali
245 _aİlçemiz Hozat
_cAli Kaya
260 _aİstanbul
_bCan yayınları
_c2004
300 _a144 s.
_bfotg.
_c19 sm.
500 _aYapıt yazarından imzalıdır.
504 _aKaynakça var.
651 _aHozat (Tunceli)
_xTarih
651 _aHozat (Tunceli)
_xKültür ve sanat
651 _aTunceli
_xTarih
_zHozat
942 _2ddc
_cBKS
999 _c2730
_d2730